| 000 | 00735nam a22001937a 4500 | ||
|---|---|---|---|
| 999 |
_c17698 _d17698 |
||
| 003 | AR-CdUCM | ||
| 008 | 190509b ||||| |||| 00| 0 spa d | ||
| 040 |
_aMUNICIPALIDAD PROVINCIAL DEL CUSCO _cBIBLIOTECA MUNICIPAL DEL CUSCO |
||
| 082 |
_a982 / _bY97 |
||
| 100 |
_aYunque, Alvaro. _915631 |
||
| 245 | _aBreve historia de los argentinos / | ||
| 260 |
_aBuenos Aires : _bFuturo, _c1957. |
||
| 300 |
_a373 páginas ; _c21 cm. |
||
| 505 | _aContenido : El mundo pre colombiano -- Descubrimiento, conquista y colonización -- Las invasiones inglesas y sus resultados -- La revolución de mayo -- La tiranía ... | ||
| 650 |
_aArgentina. _9511 |
||
| 650 |
_aHistoria argentina. _97712 |
||
| 942 |
_2ddc _cLIBROS |
||
| 945 |
_arum _d2019-05-09 |
||